INDIAN PHILOSOPHI : (PROBLEMS &THEORIES) (Record no. 479341)

MARC details
000 -LEADER
fixed length control field 00831nam a2200241Ia 4500
008 - FIXED-LENGTH DATA ELEMENTS--GENERAL INFORMATION
fixed length control field 100315s9999 xx 000 0 und d
040 ## - CATALOGING SOURCE
Transcribing agency ENGLISH 
082 ## - DEWEY DECIMAL CLASSIFICATION NUMBER
Item number 4606 
Classification number 181.4 
100 ## - MAIN ENTRY--PERSONAL NAME
Personal name "SHARMA, R.N. "
245 ## - TITLE STATEMENT
Title INDIAN PHILOSOPHI : (PROBLEMS &THEORIES)
250 ## - EDITION STATEMENT
Edition statement 1st 
260 ## - PUBLICATION, DISTRIBUTION, ETC. (IMPRINT)
Place of publication, distribution, etc Delhi 
Name of publisher, distributor, etc SURJEET  
Date of publication, distribution, etc 2002 
300 ## - PHYSICAL DESCRIPTION
Extent "IV,287P  "
365 ## - TRADE PRICE
Price note Rupees 
Unit of pricing
Price amount 80.75 
366 ## - TRADE AVAILABILITY INFORMATION
Publishers' discount category 15 
505 ## - FORMATTED CONTENTS NOTE
Miscellaneous information DYK 
530 ## - ADDITIONAL PHYSICAL FORM AVAILABLE NOTE
Availability source RAJ ENTERPRISES 09835/30-01-2004 
Additional physical form available note 09835/30-01-2004 
620 ## -
-- "HISTORICAL SURVEY,EPISTEMOLOGY,ONTOLOGY,NATURE OF SELF AND JIVA, WORLD AND CREATION,THERORIES OF CAUSATION, AXIOLOGY THEORIES OF LIBETATION., "
630 ## - SUBJECT ADDED ENTRY--UNIFORM TITLE
Uniform title INDIAN PHILOSOPHI : (PROBLEMS &THEORIES)
650 ## - SUBJECT ADDED ENTRY--TOPICAL TERM
Topical term or geographic name as entry element Philosophy 
730 ## - ADDED ENTRY--UNIFORM TITLE
Uniform title INDIAN PHILOSOPHI : (PROBLEMS &THEORIES)
942 ## - ADDED ENTRY ELEMENTS (KOHA)
Koha item type Book
Holdings
Withdrawn status Lost status Damaged status Not for loan Home library Current library Date acquired Cost, normal purchase price Total Checkouts Full call number Barcode Date last seen Price effective from Koha item type
        Dr. V. N. Bedekar Institute of Management Studies Library Dr. V. N. Bedekar Institute of Management Studies Library 07/02/2004 95.00   181.4 /SHA  4606  VPMBRIMS-4606  03/19/2010 03/19/2010 Book